| Tag |
First Indicator |
Second Indicator |
Subfields |
| LEADER |
00000nam a2200000Ia 4500 |
| 001 |
in00004181713 |
| 005 |
20200810072159.0 |
| 006 |
m g d |
| 007 |
cr bn |||a|bb| |
| 008 |
850604s1690 enk o 00| | eng d |
| 035 |
|
|
|a (OCoLC)12115825
|
| 040 |
|
|
|a EAA
|c EAA
|d m/c
|d WaOLN
|
| 037 |
|
|
|a CL0037000023
|b ProQuest Information and Learning. 300 N. Zeeb Rd., Ann Arbor, MI 48106
|
| 043 |
|
|
|a e-uk-en
|
| 049 |
|
|
|a UMIA
|
| 100 |
1 |
|
|a Boyse, J.
|q (Joseph),
|d 1660-1728.
|
| 245 |
1 |
0 |
|a Vox populi, or, The sense of the sober lay-men of the Church of England :
|b concerning the heads proposed in His Majesties commission to the Convocation.
|
| 260 |
|
|
|a London :
|b Printed for Randall Taylor ...,
|c 1690.
|
| 300 |
|
|
|a 1 online resource ([4], 44 pages)
|
| 336 |
|
|
|a text
|b txt
|2 rdacontent
|
| 337 |
|
|
|a computer
|b c
|2 rdamedia
|
| 338 |
|
|
|a online resource
|b cr
|2 rdacarrier
|
| 500 |
|
|
|a Includes bibliographical references.
|
| 500 |
|
|
|a Written in part by the Rev. Joseph Boyse. compare McAlpin Col.
|
| 500 |
|
|
|a Reproduction of original in Huntington Library.
|
| 510 |
4 |
|
|a Wing
|c B4084
|
| 510 |
4 |
|
|a Arber's Term cat.
|c II 303
|
| 510 |
4 |
|
|a McAlpin Coll.
|c IV 401
|
| 533 |
|
|
|a Electronic reproduction.
|b Ann Arbor, Mich. :
|c UMI,
|d 1999-
|f (Early English books online)
|n Digital version of: (Early English books, 1641-1700 ; 759:2)
|7 s1999 miun s
|
| 610 |
2 |
0 |
|a Church of England
|x History.
|
| 650 |
|
0 |
|a Church and state
|z England.
|
| 740 |
0 |
|
|a Sense of the sober lay-men of the Church of England.
|
| 830 |
|
0 |
|a Early English books online.
|
| 856 |
4 |
0 |
|u http://proxy.library.tamu.edu/login?url=https://search.proquest.com/docview/2240951862
|z Connect to the full text of this electronic book
|t 0
|
| 999 |
f |
f |
|s cf005a01-b761-316a-bfe2-dfce5e465c17
|i 74d298d2-935e-30d5-9a13-9b28a0c10a21
|t 0
|
| 952 |
f |
f |
|a Texas A&M University
|b College Station
|c Electronic Resources
|d Available Online
|t 0
|h No information provided
|
| 998 |
f |
f |
|t 0
|l Available Online
|